| 000 | 02516nam0a2200385 4500 | ||
|---|---|---|---|
| 001 | RU\NLR\BIBL_A\010913416 | ||
| 005 | 20151223112924.0 | ||
| 010 |
_a978-5-4437-0448-7 _9175 |
||
| 021 |
_aRU _b2015-88132 _95422 |
||
| 035 | _a(NLR Aleph) 010913416 | ||
| 090 |
_a10642267 _c10642267 |
||
| 100 | _a20151130d2015 k y0rusy50 ca | ||
| 101 | 0 |
_arus _aeng |
|
| 102 | _aRU | ||
| 105 | _aa z 101yy | ||
| 200 | 1 |
_aГорячие точки химии твердого тела: механизмы твердофазных процессов _eII Всероссийская конференция (с международным участием), HTSSC-2015, [г. Новосибирск, Россия, 25-28 октября 2015] _eтезисы докладов _f[редкол.: д.х.н., Т.П. Шахтшнейдер, к.х.н. О.А. Савинская] |
|
| 210 |
_aНовосибирск _cРедакционно-издательский центр НГУ _d2015 |
||
| 215 |
_a172 с. _cил. _d29 |
||
| 300 | _aНа обл. подзаг.: тезисы докладов II Всероссийской конференции (с международным участием), г. Новосибирск, Россия, 25-28 октября 2015 | ||
| 300 | _aВ надзаг.: Федер. гос. бюджет. учреждение науки Ин-т химии твердого тела и механохимии Сиб. отд-ния Рос. акад. наук | ||
| 300 | _aЧасть текста на англ. яз. | ||
| 320 | _aБиблиогр. в конце отд. ст. | ||
| 320 | _aАвт. указ.: с. 168-172 | ||
| 517 | 1 | _aHTSSC-2015 | |
| 606 | 1 |
_aТвердые тела _xХимия _jТезисы докладов _2nlr_sh1 _2nlr_sh2 _3RU\NLR\AUTH\661321504 |
|
| 606 | 1 |
_aХимические реакции в твердой фазе _jТезисы докладов _2nlr_sh1 _2nlr_sh2 _3RU\NLR\AUTH\661023805 |
|
| 686 | 1 | _aГ521я431(2) | |
| 686 | 1 | _aГ542.4я431(2) | |
| 702 | 1 |
_aШахтшнейдер _bТ. П. _4340 |
|
| 711 | 1 | 2 |
_a"Горячие точки химии твердого тела: механизмы твердофазных процессов", всероссийская конференция (с международным участием) _d2 _f2015 _eНовосибирск _3RU\NLR\AUTH\880414782 |
| 942 | _cBOOK | ||
| 980 | _aNBR | ||
| 980 | _aNB | ||